000 00308nam a2200097Ia 4500
008 171204s9999 xx 000 0 und d
245 _aConnected Media in the Future Internet Era:
260 _c2016
650 _xADVANCED OPERATING SYSTEM AND NETWORKING
856 _uhttp://down.ebook777.com/051/1493940244.pdf
999 _c347110
_d347110